000 00998nam a2200277 i 4500
001 bg
100 1 _aZABŁOCKI, Grzegorz
245 1 0 _aRozwój zrównoważony - idee, efekty, kontrowersje :
_b(perspektywa socjologiczna) /
_cGrzegorz Zabłocki.
260 _aToruń :
_bWydaw. UMK,
_c2002.
300 _a215, [2] s. ;
_c24 cm.
490 1 _aRozprawy Habilitacyjne / Uniwersytet Mikołaja Kopernika
500 _aStreszcz. ang.
504 _aBibliogr.
650 9 _aEkorozwój
650 9 _aEkorozwój
_zPolska
830 0 _aRozprawy Habilitacyjne (Uniwersytet Mikołaja Kopernika)
015 _aPB 7442/2002
020 _a8323114196
040 _cBPK
041 0 _apol
_beng
080 _a504.03(438)
920 _a83-231-1419-6
942 _cKS
008 s pl f |000 0 pol
999 _c46754
_d46754
856 _uhttp://koha.tu.koszalin.pl/cgi-bin/koha/opac-detail.pl?biblionumber=46754
_yKatalog online BPK